000 00353nam a2200133 4500
999 _c508979
_d508979
008 190417b ||||| |||| 00| 0 eng d
100 _aSarohe, Seema
_94523
245 _aThe role of teacher education programmes
260 _c2018
300 _ap.27-32.
773 _aEconomic and Political Weekly
906 _aTeacher education
942 _2ddc
_cAR